| 000 | 00743nam a22002417a 4500 | ||
|---|---|---|---|
| 005 | 20170124110016.0 | ||
| 010 | _aA-950228 | ||
| 020 |
_c350.00 _a8171770975 |
||
| 035 | _aA-950228 | ||
| 037 | _bCen Lib/Ret | ||
| 040 |
_aDPL _bEN |
||
| 082 |
_a346.048 _bABE |
||
| 100 |
_aAbell, Mark _918665 |
||
| 245 |
_aFranchising in India / _cby Mark Abell [and] Lisa Sen |
||
| 260 |
_aCalcutta _bEastern Law House _c1998 |
||
| 270 |
_a54 Ganesh Chunder Avenue _bCalcutta _e700013 |
||
| 300 |
_a352p. _c21cm(Hb) |
||
| 500 | _aIncludes index | ||
| 650 |
_aFranchises (Retail trade) _918666 |
||
| 650 |
_aFranchises (Retail trade)--Law and legislation _918667 |
||
| 700 |
_aSen, Lisa _918668 |
||
| 942 |
_2ddc _cEN _h346.048 _mABE |
||
| 999 |
_c126855 _d126855 |
||